00401nam a22000977a 4500082001200000100006000012245011200072260004100184650001500225700006300240 a220 PRO aNS Syed Adil Shah NS Muhammad Taha Qureshi GC Saad Atiq aPR-SOF-1933-Design, Analysis and Fabrication of Compliant, Robust, Lightweight and Low Cost Prosthetic Hand aISLAMABADbNUST COLLEGE OF EMEc2020 aDE-COMP-38 aProject Supervisors Dr. Raja Amer Azim Lecturer Hamza Asif